000 00273nam a2200097Ia 4500
001 641678
005 20250826153512.0
008 250824s9999 xx 000 0 und d
245 0 _aDENİZ ALTINDA 20 BİN FERSAH GENÇLİK KLASİKLERİ
_cJULES VERNE
260 _bTİMAŞ ÇOCUK
999 _c641678
_d641678